[Event "WC-2015-P-00003"]
[Site "LSS email"]
[Date "2011.02.20"]
[Round "?"]
[White "Rey, Manny"]
[Black "Czekala, Franciszek"]
[Result "0-1"]
[WhiteElo "2202"]
[BlackElo "1881"]
[PlyCount "130"]
[EventDate "2011.02.24"]
[EventType "tourn (corr)"]
[EventRounds "6"]
[EventCountry "GER"]
[SourceTitle "Telechess CBM 155"]
[Source "ChessBase"]
[SourceDate "2013.07.16"]
[SourceVersion "1"]
[SourceVersionDate "2013.07.16"]
[SourceQuality "1"]

1. d4 d5 2. Nf3 Nf6 3. e3 c5 4. c3 e6 5. Bd3 Be7 6. Nbd2 0-0 7. 0-0 Qc7 8. Ne5 b6 9. f4 Ba6 10. Bxa6 Nxa6 11. Rf3 Nb8 12. Rh3 Nc6 13. b3 cxd4 14. exd4 b5 15. Bb2 Bd6 16. a4 a6 17. Qe2 Qb6 18. b4 bxa4 19. Rxa4 a5 20. b5 Ne7 21. Ra1 a4 22. c4 a3 23. Bc3 dxc4 24. Ne4 Bxe5 25. fxe5 Nfd5 26. Qxc4 Nf5 27. Nc5 Rfb8 28. Bd2 a2 29. Rxa2 Rxa2 30. Qxa2 Nxd4 31. Qc4 Nf5 32. Ra3 h5 33. Ra6 Qxb5 34. Qxb5 Rxb5 35. Ne4 Rb1+ 36. Kf2 Rb2 37. Ke2 Nf4+ 38. Kf3 Nd3 39. Ra5 Kh7 40. Bc3 Rc2 41. Bd2 Kg6 42. Ke2 Nb2 43. Rc5 Rxc5 44. Nxc5 Nd4+ 45. Ke3 Nc6 46. Ke4 Nxe5 47. Bc3 Nec4 48. h3 Nd6+ 49. Kf4 Nbc4 50. g4 hxg4 51. hxg4 Nb5 52. Ba1 e5+ 53. Ke4 f6 54. Kd3 Nbd6 55. Ne6 Kf7 56. Nc5 g6 57. Bc3 f5 58. gxf5 gxf5 59. Bb4 f4 60. Ke2 Kf6 61. Nd3 Kf5 62. Bc5 e4 63. Nf2 f3+ 64. Ke1 Nf7 65. Kd1 e3 0-1

[Event "LSS WC-2012-S-00010"]
[Site "LSS email"]
[Date "2009.07.13"]
[Round "?"]
[White "Rey, Manny"]
[Black "Salzmann, Stefan"]
[Result "0-1"]
[WhiteElo "2246"]
[BlackElo "2114"]
[PlyCount "56"]
[EventDate "2009.07.18"]
[EventType "tourn (corr)"]
[EventRounds "10"]
[EventCountry "GER"]
[SourceTitle "Telechess CBM 137"]
[Source "ChessBase"]
[SourceDate "2010.07.15"]
[SourceVersion "1"]
[SourceVersionDate "2010.07.15"]
[SourceQuality "1"]

1. d4 d5 2. Nf3 Nf6 3. e3 c5 4. b3 Nc6 5. Bb2 Bg4 6. Be2 e6 7. 0-0 Bd6 8. Nbd2 0-0 9. h3 Bf5 10. Nh4 Bg6 11. dxc5 Bxc5 12. Nxg6 hxg6 13. a3 Rc8 14. b4 Bd6 15. c4 Be5 16. Qb3 Qe7 17. c5 Bxb2 18. Qxb2 a6 19. Rfd1 Rfd8 20. Rac1 g5 21. Rc2 e5 22. Rcc1 Rc7 23. a4 e4 24. b5 Ne5 25. Qd4 axb5 26. axb5 Ra8 27. Rc2 Rcc8 28. Ra1 Rxa1+ 0-1

[Event "LSS WC-2012-S-00010"]
[Site "LSS email"]
[Date "2009.07.13"]
[Round "?"]
[White "Vyzharov, Ivan"]
[Black "Rey, Manny"]
[Result "1-0"]
[WhiteElo "2162"]
[BlackElo "2329"]
[PlyCount "27"]
[EventDate "2009.07.18"]
[EventType "tourn (corr)"]
[EventRounds "10"]
[EventCountry "GER"]
[SourceTitle "Corr 2013"]
[Source "ChessBase"]
[SourceDate "2012.11.12"]
[SourceVersion "1"]
[SourceVersionDate "2012.11.12"]
[SourceQuality "1"]
[WhiteTeam "US of America"]
[BlackTeam "US of America"]
[WhiteTeamCountry "USA"]
[BlackTeamCountry "USA"]

1. e4 e6 2. d4 d5 3. Nc3 Nf6 4. Bg5 Bb4 5. e5 h6 6. Bd2 Bxc3 7. bxc3 Ne4 8. Qg4 g6 9. Bd3 Nxd2 10. Kxd2 c5 11. Nf3 Bd7 12. h4 Qe7 13. a4 Nc6 14. Qf4 1-0

[Event "LSS WC-2010-T-00004"]
[Site "LSS email"]
[Date "2009.06.12"]
[Round "?"]
[White "Kasperek, Ryszard"]
[Black "Rey, Manny"]
[Result "0-1"]
[WhiteElo "2464"]
[BlackElo "2346"]
[PlyCount "34"]
[EventDate "2009.06.17"]
[EventType "tourn (corr)"]
[EventRounds "12"]
[EventCountry "GER"]
[SourceTitle "Telechess CBM 137"]
[Source "ChessBase"]
[SourceDate "2010.07.15"]
[SourceVersion "1"]
[SourceVersionDate "2010.07.15"]
[SourceQuality "1"]

1. e4 e6 2. d4 d5 3. Nc3 Nf6 4. Bg5 Bb4 5. e5 h6 6. Be3 Ne4 7. Qg4 g6 8. a3 Bxc3+ 9. bxc3 Nxc3 10. Bd3 Bd7 11. h4 c5 12. dxc5 Ne4 13. Ne2 Qa5+ 14. Kf1 Nxc5 15. Bxg6 Nc6 16. Bh5 0-0-0 17. Bxf7 Rdf8 0-1

[Event "LSS WC-2010-T-00004"]
[Site "LSS email"]
[Date "2009.06.12"]
[Round "?"]
[White "Rey, Manny"]
[Black "Broniek, Mariusz Maciej"]
[Result "0-1"]
[WhiteElo "2279"]
[BlackElo "2325"]
[PlyCount "54"]
[EventDate "2009.06.17"]
[EventType "tourn (corr)"]
[EventRounds "12"]
[EventCountry "GER"]
[SourceTitle "Telechess CBM 137"]
[Source "ChessBase"]
[SourceDate "2010.07.15"]
[SourceVersion "1"]
[SourceVersionDate "2010.07.15"]
[SourceQuality "1"]

1. d4 Nf6 2. Nf3 e6 3. c4 d5 4. g3 dxc4 5. Bg2 a6 6. 0-0 Nc6 7. Nc3 Rb8 8. e4 Be7 9. Qe2 b5 10. Rd1 Nb4 11. d5 exd5 12. e5 Ng4 13. h3 Nxf2 14. Qxf2 Nd3 15. Rxd3 cxd3 16. Ne1 d4 17. Nd5 c5 18. Nxd3 0-0 19. Be4 Kh8 20. Bd2 Be6 21. N3f4 Bg5 22. Qf3 Bxd5 23. Bxd5 Qc7 24. Re1 Rbd8 25. Be4 Qxe5 26. Bxh7 Qf6 27. Be4 Kg8 0-1

[Event "LSS WC-2010-T-00004"]
[Site "LSS email"]
[Date "2009.06.12"]
[Round "?"]
[White "Rey, Manny"]
[Black "Domanov, Dmitry"]
[Result "0-1"]
[WhiteElo "2197"]
[BlackElo "2408"]
[PlyCount "28"]
[EventDate "2009.06.17"]
[EventType "tourn (corr)"]
[EventRounds "12"]
[EventCountry "GER"]
[SourceTitle "Corr 2013"]
[Source "ChessBase"]
[SourceDate "2012.11.12"]
[SourceVersion "1"]
[SourceVersionDate "2012.11.12"]
[SourceQuality "1"]
[WhiteTeam "US of America"]
[BlackTeam "US of America"]
[WhiteTeamCountry "USA"]
[BlackTeamCountry "USA"]

1. d4 Nf6 2. Nf3 g6 3. c4 Bg7 4. Nc3 d6 5. e4 0-0 6. h3 c5 7. d5 Na6 8. Bg5 Nc7 9. Bd3 e5 10. g4 a6 11. Nd2 Rb8 12. Qe2 Qd7 13. a3 b5 14. f3 bxc4 0-1

[Event "LSS WC-2010-T-00004"]
[Site "LSS email"]
[Date "2009.06.12"]
[Round "?"]
[White "Rey, Manny"]
[Black "Muhl, Patrick"]
[Result "1-0"]
[WhiteElo "2345"]
[BlackElo "2379"]
[PlyCount "34"]
[EventDate "2009.06.17"]
[EventType "tourn (corr)"]
[EventRounds "12"]
[EventCountry "GER"]
[SourceTitle "Corr 2011"]
[Source "ChessBase"]
[SourceDate "2010.08.31"]
[SourceVersion "1"]
[SourceVersionDate "2010.08.31"]
[SourceQuality "1"]

1. d4 Nf6 2. Nf3 g6 3. c4 Bg7 4. Nc3 0-0 5. e4 d6 6. h3 e5 7. d5 a5 8. Bg5 Na6 9. Nd2 Qe8 10. g4 h6 11. Be3 Nc5 12. Be2 Bd7 13. h4 Nh7 14. Nb3 Na4 15. Nb5 Qe7 16. Qd2 Bxb5 17. cxb5 Rfc8 1-0

[Event "LSS WC-2010-T-00004"]
[Site "LSS email"]
[Date "2009.06.12"]
[Round "?"]
[White "Rey, Manny"]
[Black "Sidenko, Anatoly Viktorovich"]
[Result "0-1"]
[WhiteElo "2306"]
[BlackElo "2300"]
[PlyCount "52"]
[EventDate "2009.06.17"]
[EventType "tourn (corr)"]
[EventRounds "12"]
[EventCountry "GER"]
[SourceTitle "Telechess CBM 137"]
[Source "ChessBase"]
[SourceDate "2010.07.15"]
[SourceVersion "1"]
[SourceVersionDate "2010.07.15"]
[SourceQuality "1"]

1. d4 Nf6 2. Nf3 d5 3. e3 c5 4. b3 cxd4 5. exd4 Nc6 6. Bd3 Bg4 7. c3 e6 8. Nbd2 Bd6 9. 0-0 0-0 10. h3 Bh5 11. Bb2 Rc8 12. Re1 Qc7 13. Be2 Rfe8 14. Ne5 Bxe5 15. Bxh5 Bh2+ 16. Kh1 Bf4 17. Be2 Qb6 18. Nf3 e5 19. g3 exd4 20. cxd4 Ne4 21. Kg2 Bd6 22. Rc1 Bb4 23. Rf1 Qa5 24. a4 Bc3 25. Qc2 Nb4 26. Qb1 Rc7 0-1

[Event "LSS WC-2010-T-00004"]
[Site "LSS email"]
[Date "2009.06.12"]
[Round "?"]
[White "Schindler, Sven"]
[Black "Rey, Manny"]
[Result "1-0"]
[WhiteElo "2346"]
[BlackElo "2246"]
[PlyCount "59"]
[EventDate "2009.06.17"]
[EventType "tourn (corr)"]
[EventRounds "12"]
[EventCountry "GER"]
[SourceTitle "Telechess CBM 137"]
[Source "ChessBase"]
[SourceDate "2010.07.15"]
[SourceVersion "1"]
[SourceVersionDate "2010.07.15"]
[SourceQuality "1"]

1. d4 d5 2. c4 c6 3. Nc3 Nf6 4. e3 e6 5. Nf3 Nbd7 6. Qc2 Bd6 7. Be2 0-0 8. 0-0 dxc4 9. Bxc4 b5 10. Be2 Bb7 11. Rd1 Qc7 12. e4 e5 13. Bg5 exd4 14. Rxd4 Ne5 15. h3 Rad8 16. Bxf6 gxf6 17. Nh4 b4 18. Na4 c5 19. Rdd1 c4 20. Nf5 Rfe8 21. a3 a5 22. Ne3 Nd3 23. Qxc4 Bh2+ 24. Kf1 Bxe4 25. axb4 axb4 26. Qxc7 Bxc7 27. Rd2 Nf4 28. Rxd8 Rxd8 29. Nc5 Bg6 30. g3 1-0

[Event "LSS CP-2005-S-00002"]
[Site "LSS email"]
[Date "2008.04.12"]
[Round "?"]
[White "Bergmann, Michael"]
[Black "Rey, Manny"]
[Result "1/2-1/2"]
[WhiteElo "2498"]
[BlackElo "2354"]
[PlyCount "71"]
[EventDate "2008.04.12"]
[EventType "tourn (corr)"]
[EventRounds "6"]
[EventCountry "GER"]
[SourceTitle "Corr 2011"]
[Source "ChessBase"]
[SourceDate "2010.08.31"]
[SourceVersion "1"]
[SourceVersionDate "2010.08.31"]
[SourceQuality "1"]

1. e4 e6 2. d4 d5 3. Nc3 Nf6 4. Bg5 Bb4 5. e5 h6 6. Bc1 Ne4 7. Qg4 g6 8. Nge2 c5 9. a3 Ba5 10. dxc5 Qc7 11. Qf4 Nxc3 12. Nxc3 Bxc3+ 13. bxc3 Qxc5 14. Bd2 Nd7 15. a4 Qc7 16. Bb5 a6 17. Bxd7+ Bxd7 18. 0-0 g5 19. Qf6 Rh7 20. Rfb1 Bc6 21. Rb4 Qe7 22. Qf3 Rg7 23. Bc1 Rg6 24. Ba3 f5 25. Rd4 g4 26. Qg3 Qg5 27. Bc1 Qe7 28. h4 h5 29. Ba3 Qd8 30. c4 Qb6 31. Rad1 Rc8 32. cxd5 Bxd5 33. c4 Rxc4 34. Rxc4 Bxc4 35. Qc3 Qb3 36. Qd4 1/2-1/2

[Event "LSS CP-2005-S-00002"]
[Site "LSS email"]
[Date "2008.04.12"]
[Round "?"]
[White "Rey, Manny"]
[Black "Grotnes, Nils Ragnar"]
[Result "1/2-1/2"]
[WhiteElo "2350"]
[BlackElo "2206"]
[PlyCount "77"]
[EventDate "2008.04.12"]
[EventType "tourn (corr)"]
[EventRounds "6"]
[EventCountry "GER"]
[SourceTitle "Corr 2011"]
[Source "ChessBase"]
[SourceDate "2010.08.31"]
[SourceVersion "1"]
[SourceVersionDate "2010.08.31"]
[SourceQuality "1"]

1. d4 Nf6 2. Nf3 d5 3. e3 Bg4 4. c4 e6 5. Qb3 Qc8 6. Nc3 c6 7. Ne5 Bf5 8. f3 Nfd7 9. e4 Nxe5 10. cxd5 cxd5 11. exf5 Nec6 12. fxe6 fxe6 13. Be3 Be7 14. Bd3 Nd7 15. Rc1 0-0 16. 0-0 Kh8 17. Rfe1 Bd6 18. Nb5 Bb8 19. Bf2 Nb6 20. Re2 Qd7 21. Rce1 Rf6 22. Na3 Qf7 23. Nc2 Bd6 24. Bg3 Bxg3 25. hxg3 Rc8 26. g4 g5 27. Bb5 Ne7 28. Nb4 a6 29. Bd3 Nd7 30. Bb1 Nf8 31. Qe3 Qg7 32. Nd3 Nc6 33. Rc1 Nd7 34. Nb4 Ndb8 35. Bd3 h6 36. Rec2 Qd7 37. Be2 Qd6 38. a3 Rf7 39. Rc3 1/2-1/2

[Event "IECG CP.2006.Q.00018 email"]
[Site "IECG email"]
[Date "2008.01.15"]
[Round "?"]
[White "Rey, Manny"]
[Black "Geiger, Walter"]
[Result "1/2-1/2"]
[WhiteElo "2333"]
[BlackElo "2149"]
[PlyCount "87"]
[EventDate "2008.01.15"]
[EventType "tourn (corr)"]
[EventRounds "6"]
[SourceTitle "Corr 2024"]
[Source "ChessBase"]
[SourceDate "2023.10.19"]
[SourceVersion "1"]
[SourceVersionDate "2023.10.19"]
[SourceQuality "1"]

1. d4 Nf6 2. Nf3 e6 3. e3 c5 4. Bd3 d5 5. c3 Nc6 6. Nbd2 Qc7 7. 0-0 Bd6 8. dxc5 Bxc5 9. e4 0-0 10. Qe2 b6 11. b3 Nh5 12. g3 Nxg3 13. hxg3 Qxg3+ 14. Kh1 Qh3+ 15. Kg1 f6 16. b4 Bd6 17. Rd1 Ne5 18. Nxe5 Bxe5 19. Nf1 Bb7 20. Bb2 Rac8 21. exd5 exd5 22. Qe3 Qh4 23. f3 Qh5 24. Rd2 Rfe8 25. Bb5 Re7 26. Rf2 Kf8 27. Qd3 a6 28. Bxa6 Bxa6 29. Qxa6 Rc4 30. b5 Re8 31. Ba3+ Kg8 32. Qb7 Bxc3 33. Rd1 Bd4 34. Rxd4 Rxd4 35. Rg2 g5 36. Qc6 Rf4 37. Qxd5+ Qf7 38. Qc6 Qe6 39. Bb2 Kf7 40. Qc7+ Re7 41. Qc2 Qf5 42. Qb3+ Kg7 43. Rf2 Re1 44. Qc3 1/2-1/2

[Event "IECG TE.2004.F.01500 email"]
[Site "IECG email"]
[Date "2007.11.22"]
[Round "?"]
[White "Rey, Manny"]
[Black "Geiger, Walter"]
[Result "1-0"]
[WhiteElo "2333"]
[BlackElo "2149"]
[PlyCount "73"]
[EventDate "2007.11.22"]
[EventType "tourn (corr)"]
[EventRounds "14"]
[SourceTitle "Corr 2024"]
[Source "ChessBase"]
[SourceDate "2023.10.19"]
[SourceVersion "1"]
[SourceVersionDate "2023.10.19"]
[SourceQuality "1"]

1. e4 e6 2. d4 d5 3. Nc3 Nf6 4. Bg5 Bb4 5. e5 h6 6. Bd2 Bxc3 7. bxc3 Ne4 8. Qg4 g6 9. Bd3 Nxd2 10. Kxd2 c5 11. h4 Nc6 12. Qf4 cxd4 13. cxd4 Qa5+ 14. c3 b5 15. Qf6 Rf8 16. Ne2 b4 17. Rhc1 Rb8 18. Ke3 Qd8 19. Qxd8+ Kxd8 20. Rab1 Bd7 21. f4 h5 22. Rc2 Ke7 23. cxb4 Rxb4 24. Rxb4 Nxb4 25. Rc7 a6 26. Rb7 Nxd3 27. Kxd3 Rc8 28. Nc3 Ke8 29. a4 Ra8 30. a5 Bc6 31. Rb6 Kd7 32. Ke3 Ra7 33. Kf3 Rb7 34. Rxb7+ Bxb7 35. f5 Bc6 36. fxg6 fxg6 37. Ke3 1-0

[Event "IECG TE.2004.F.01500 email"]
[Site "IECG email"]
[Date "2007.11.22"]
[Round "?"]
[White "Rey, Manny"]
[Black "Waerstad, Leif"]
[Result "1-0"]
[WhiteElo "2333"]
[BlackElo "1784"]
[PlyCount "63"]
[EventDate "2007.11.22"]
[EventType "tourn (corr)"]
[EventRounds "14"]
[SourceTitle "Corr 2024"]
[Source "ChessBase"]
[SourceDate "2023.10.19"]
[SourceVersion "1"]
[SourceVersionDate "2023.10.19"]
[SourceQuality "1"]

1. e4 e6 2. d4 d5 3. Nc3 Nf6 4. Bg5 Bb4 5. e5 h6 6. Bd2 Bxc3 7. bxc3 Ne4 8. Qg4 Kf8 9. h4 c5 10. Rh3 Nc6 11. Bd3 Nxd2 12. Kxd2 c4 13. Be2 Rg8 14. Qf4 Bd7 15. Bh5 Be8 16. Ne2 f5 17. Bxe8 Kxe8 18. g4 Ne7 19. h5 Qa5 20. g5 Rh8 21. gxh6 gxh6 22. Rg3 Kd7 23. Qh4 Rhg8 24. Rag1 Raf8 25. Rxg8 Rxg8 26. Rxg8 Nxg8 27. Qg3 Ne7 28. Qg7 b5 29. Nf4 b4 30. Ng6 bxc3+ 31. Ke2 Qb4 32. Kf3 1-0

[Event "LSS CP-2003-F-00001"]
[Site "LSS email"]
[Date "2007.07.01"]
[Round "?"]
[White "Neacsu, Catalin"]
[Black "Rey, Manny"]
[Result "1/2-1/2"]
[WhiteElo "2192"]
[BlackElo "2339"]
[PlyCount "136"]
[EventDate "2007.07.01"]
[EventType "tourn (corr)"]
[EventRounds "14"]
[EventCountry "GER"]
[SourceTitle "Corr 2011"]
[Source "ChessBase"]
[SourceDate "2010.08.31"]
[SourceVersion "1"]
[SourceVersionDate "2010.08.31"]
[SourceQuality "1"]

1. e4 e6 2. d4 d5 3. Nc3 Nf6 4. Bg5 Bb4 5. e5 h6 6. Bd2 Bxc3 7. bxc3 Ne4 8. Qg4 g6 9. Bd3 Nxd2 10. Kxd2 c5 11. Nf3 Bd7 12. Rhb1 c4 13. Bxg6 Rg8 14. Bxf7+ Kxf7 15. Qh5+ Kg7 16. Rxb7 Nc6 17. Nh4 Ne7 18. Rab1 Kh7 19. f4 Rg7 20. g3 Be8 21. Qf3 Bc6 22. R7b2 Qe8 23. g4 Qg8 24. h3 Rf8 25. Rf1 Rgf7 26. Qe3 Ng6 27. Ng2 Qg7 28. Rf3 Ne7 29. Rb1 Ba4 30. Qf2 h5 31. Rb7 Nc6 32. Rxf7 Rxf7 33. f5 Ne7 34. Ne3 Qh6 35. f6 Ng6 36. gxh5 Qxh5 37. Rg3 Be8 38. h4 Rb7 39. Rg4 a5 40. a3 Bf7 41. Qg3 Qh6 42. Kc1 Rb8 43. Qf2 Kg8 44. Rg5 Kf8 45. Ng2 Ke8 46. Qg3 Kd7 47. h5 Ne7 48. Ne3 Nc6 49. Qg4 Rf8 50. Kb2 Kc7 51. Ng2 Rb8+ 52. Ka2 Qh7 53. Qe2 Kb6 54. Nf4 Ka6 55. Qd2 Na7 56. a4 Qe4 57. Rg1 Nc8 58. h6 Nb6 59. Rb1 Rg8 60. Ka3 Qf3 61. h7 Rh8 62. Nd3 Ka7 63. Ka2 Rxh7 64. Qc1 Nxa4 65. Qa3 Be8 66. Nc5 Qxc3 67. Nxa4 Qxc2+ 68. Nb2 Ka8 1/2-1/2

[Event "IECG WC.2009.S.00006 email"]
[Site "IECG email"]
[Date "2007.02.02"]
[Round "?"]
[White "Noire, Eric"]
[Black "Rey, Manny"]
[Result "1/2-1/2"]
[WhiteElo "2391"]
[BlackElo "2346"]
[PlyCount "91"]
[EventDate "2006.09.09"]
[EventType "tourn (corr)"]
[EventRounds "6"]
[SourceTitle "Corr 2024"]
[Source "ChessBase"]
[SourceDate "2023.10.19"]
[SourceVersion "1"]
[SourceVersionDate "2023.10.19"]
[SourceQuality "1"]

1. f4 d5 2. Nf3 g6 3. g3 Bg7 4. Bg2 Nf6 5. d3 0-0 6. 0-0 c5 7. Qe1 Nc6 8. h3 d4 9. a4 Be6 10. g4 Qd7 11. c4 Qc7 12. Qh4 Rad8 13. b3 a6 14. f5 Bd7 15. Nh2 Nb4 16. Na3 Bc6 17. Bxc6 Nxc6 18. Bd2 Nd7 19. Nc2 Qe5 20. Rf2 Qd6 21. Raf1 Nde5 22. Ne1 f6 23. Kh1 e6 24. fxg6 hxg6 25. Nhf3 Nf7 26. Bc1 Rd7 27. Kg2 Ne7 28. Qg3 Qb6 29. Nd2 f5 30. Kh1 Be5 31. Qg2 Qc7 32. Rg1 Bg7 33. Ndf3 f4 34. Nd2 Nd6 35. h4 Qc6 36. Ba3 Qc7 37. Nef3 e5 38. Qh3 Qc6 39. Rfg2 a5 40. h5 b6 41. Ng5 Bf6 42. Nge4 Nxe4 43. Nxe4 g5 44. Rh2 Nc8 45. Qf3 Rc7 46. Kg2 1/2-1/2

[Event "IECG WC.2008.T.00001 email"]
[Site "IECG email"]
[Date "2007.02.02"]
[Round "?"]
[White "Rey, Manny"]
[Black "Pely, Giora"]
[Result "1-0"]
[WhiteElo "2346"]
[BlackElo "2392"]
[PlyCount "103"]
[EventDate "2007.02.02"]
[EventType "tourn (corr)"]
[EventRounds "10"]
[SourceTitle "Corr 2011"]
[Source "ChessBase"]
[SourceDate "2010.08.31"]
[SourceVersion "1"]
[SourceVersionDate "2010.08.31"]
[SourceQuality "1"]

1. d4 Nf6 2. Nf3 g6 3. c4 Bg7 4. Nc3 0-0 5. e4 d6 6. h3 e5 7. d5 Na6 8. Bg5 Qe8 9. g4 Nd7 10. Rg1 Kh8 11. Be2 Ndc5 12. a3 f5 13. gxf5 gxf5 14. exf5 Bxf5 15. Nh4 Bd7 16. Bh5 Nd3+ 17. Kd2 Nxb2 18. Qe2 Nxc4+ 19. Ke1 e4 20. Bxe8 Bxc3+ 21. Kd1 Bxe8 22. Ra2 Nb6 23. Rc2 Ba1 24. Bh6 Bf7 25. Bxf8 Rxf8 26. Qe3 Nxd5 27. Qh6 Rg8 28. Rxg8+ Kxg8 29. Nf5 Bg6 30. Qg5 Be5 31. Nh6+ Kf8 32. Ng4 Nc3+ 33. Ke1 Bd4 34. Qd8+ Kf7 35. Qd7+ Kf8 36. Qc8+ Ke7 37. Qxb7 Nc5 38. Qxc7+ Ke6 39. Rd2 Nb5 40. Qc8+ Ke7 41. a4 Na3 42. Kf1 Nd3 43. f4 exf3 44. Qb7+ Kd8 45. Qxf3 h5 46. Rxd3 Bxd3+ 47. Qxd3 Bc5 48. Ne5 Kc7 49. Qd5 Kb6 50. Nd7+ Ka5 51. Nxc5 dxc5 52. Qb3 1-0

[Event "IECG WC.2008.T.00001 email"]
[Site "IECG email"]
[Date "2007.02.02"]
[Round "?"]
[White "Wurschner, Miroslav"]
[Black "Rey, Manny"]
[Result "1-0"]
[WhiteElo "2220"]
[BlackElo "2346"]
[PlyCount "85"]
[EventDate "2007.02.02"]
[EventType "tourn (corr)"]
[EventRounds "10"]
[SourceTitle "Corr 2011"]
[Source "ChessBase"]
[SourceDate "2010.08.31"]
[SourceVersion "1"]
[SourceVersionDate "2010.08.31"]
[SourceQuality "1"]

1. e4 e6 2. d4 d5 3. Nc3 Nf6 4. Bg5 Bb4 5. e5 h6 6. Be3 Ne4 7. Qg4 g6 8. a3 Bxc3+ 9. bxc3 Nxc3 10. Bd3 Nc6 11. h4 Qe7 12. h5 g5 13. f4 gxf4 14. Qxf4 Bd7 15. Bf2 Qf8 16. Bh4 Rg8 17. Ne2 Nxe2 18. Kxe2 Qg7 19. g3 Qg4+ 20. Ke3 Rc8 21. Rhg1 b6 22. Raf1 Qxf4+ 23. Rxf4 Ne7 24. Kd2 c5 25. Bf6 Nf5 26. g4 c4 27. Bxf5 exf5 28. g5 Be6 29. Rff1 hxg5 30. h6 Kd7 31. h7 Rh8 32. Rh1 c3+ 33. Ke2 f4 34. Bxg5 Bf5 35. Rxf4 Bg6 36. Rh6 Rc6 37. Rxg6 Rxg6 38. Rxf7+ Ke6 39. Re7+ Kf5 40. Bf6 Rxf6 41. exf6 Kxf6 42. Rxa7 b5 43. Kd3 1-0

[Event "IECG CP.2005.Q.00021 email"]
[Site "IECG email"]
[Date "2007.01.15"]
[Round "?"]
[White "Rey, Manny"]
[Black "McDonald, Graham R"]
[Result "1-0"]
[WhiteElo "2342"]
[BlackElo "1724"]
[PlyCount "71"]
[EventDate "2007.01.15"]
[EventType "tourn (corr)"]
[EventRounds "6"]
[EventCountry "USA"]
[SourceTitle "Corr 2011"]
[Source "ChessBase"]
[SourceDate "2010.08.31"]
[SourceVersion "1"]
[SourceVersionDate "2010.08.31"]
[SourceQuality "1"]

1. d4 d5 2. Nf3 Nf6 3. e3 e6 4. Bd3 c5 5. c3 Nbd7 6. 0-0 Bd6 7. Nbd2 0-0 8. Re1 Qc7 9. e4 cxd4 10. cxd4 dxe4 11. Nxe4 Nd5 12. Nxd6 Qxd6 13. Ne5 N7f6 14. Bg5 Bd7 15. Nc4 Qe7 16. Qf3 h6 17. Bd2 Bb5 18. Rac1 Rac8 19. b3 Rfd8 20. a3 Bc6 21. Qh3 Rc7 22. Re5 Qf8 23. Qg3 Kh8 24. h3 Rdc8 25. Qh4 b5 26. Na5 a6 27. b4 Ba8 28. Rxc7 Rxc7 29. Nb3 Bc6 30. Nc5 Ra7 31. g4 Kg8 32. g5 hxg5 33. Bxg5 Qa8 34. f3 a5 35. bxa5 Rxa5 36. Rxd5 1-0

[Event "IECG CP-2005-P-00116"]
[Site "IECG email"]
[Date "2005.10.01"]
[Round "?"]
[White "Polevoy, Nickolay"]
[Black "Rey, Manny"]
[Result "1-0"]
[WhiteElo "2185"]
[BlackElo "2092"]
[PlyCount "77"]
[EventDate "2005.??.??"]
[EventType "tourn (corr)"]
[EventRounds "6"]
[SourceTitle "Corr 2024"]
[Source "ChessBase"]
[SourceDate "2023.10.19"]
[SourceVersion "1"]
[SourceVersionDate "2023.10.19"]
[SourceQuality "1"]

1. e4 e6 2. d4 d5 3. Nc3 Nf6 4. e5 Nfd7 5. f4 c5 6. Nf3 Nc6 7. Be3 cxd4 8. Nxd4 Bc5 9. Qd2 0-0 10. 0-0-0 a6 11. h4 Nxd4 12. Bxd4 b5 13. Bxc5 Nxc5 14. Qd4 Qc7 15. Rh3 Bb7 16. h5 f6 17. h6 fxe5 18. fxe5 g6 19. Rf3 Rac8 20. Rxf8+ Kxf8 21. Qf4+ Kg8 22. g3 b4 23. Qxb4 Qxe5 24. Bh3 Qe3+ 25. Kb1 Bc6 26. Bf1 a5 27. Qxa5 Bb7 28. Na4 Ne4 29. Bd3 Nxg3 30. Nb6 Re8 31. Qa7 Qf3 32. Rc1 Qf7 33. Bb5 Rf8 34. Bd7 Ne2 35. Re1 Qf2 36. Bxe6+ Kh8 37. Qa5 Nf4 38. Bxd5 Nxd5 39. Nxd5 1-0